00275nam a2200085Ia 4500008004100000041000800041100001700049245009200066260003100158241105s9999 xx 000 0 und d aeng aJadhav Komal aMicroclimate Study Of Khotachiwadi Neighbourhood With Respect To The Impact Of Heritage bBNCA M Arch EA, Punec2021